Riconosci il Pokémon - Quiz n°899 - Statistics

Statistiche generali
  • Questo quiz è stato fatto 2 volte
  • Il punteggio medio è 6 su 10
Statistiche sulle risposte
Indizio Risposta % Corretto
Generazione Quinta
100%
Altezza 1,0 m
50%
Tasso di cattura 190 (35.2%)
50%
Peso 92,0 kg
50%
Abilità Ferropugno; Impaccio; Nullodifesa
50%
Stadio evoluzione Forma Base
50%
Pokémon Golett
50%
Tasso di allevamento Medio-Veloce
50%
Sesso Sconosciuto
50%
Tipo Terra / Spettro
50%
Nessun quiz corrispondente trovato
Distribuzione punteggi
Percentuale di utenti per punteggio
Percentile per numero di risposta
I tuoi punteggi nel tempo
Non hai fatto questo quiz